History Quiz

Random History Quiz

US Half Cents Quiz Stats

 Plays Quiz not verified by Sporcle

Also try: US Large Cents
Challenge
Share
Tweet
Embed
Score 0/23 Timer 05:00
0 Plays Today
Design Description % Correct
1793-1797Liberty Head with Phrygian Cap on Staff
94.1%
1793-1797Liberty
94.1%
1793-1797United States of America
94.1%
1800-1808Liberty 'Draped Bust'
94.1%
1800-1808Liberty
94.1%
1800-1808United States of America
94.1%
1809-1836'Classic Head' Liberty within Stars
94.1%
1809-1836Liberty (On Coronet)
94.1%
1809-1836United States of America
94.1%
1840-1857'Braided Hair' Liberty Head within Stars
94.1%
1840-1857Liberty (On Coronet)
94.1%
1840-1857United States of America
94.1%
Design Description % Correct
1793-1797Half Cent
76.5%
1800-1808Half Cent
76.5%
1809-1836Half Cent
76.5%
1840-1857Half Cent
76.5%
1793-1797Value within Wreath
52.9%
1800-1808Value within Wreath
52.9%
1809-1836Value within Wreath
52.9%
1840-1857Value within Wreath
52.9%
1793-17971/200
47.1%
1800-18081/200
47.1%
1793-1797Two Hundred for a Dollar
11.8%

You're not logged in!

Compare scores with friends on all Sporcle quizzes.
OR
Log In

You Might Also Like...

Show Comments

Extras

Top Quizzes Today


Score Distribution

Your Account Isn't Verified!

In order to create a playlist on Sporcle, you need to verify the email address you used during registration. Go to your Sporcle Settings to finish the process.

Report this User

Report this user for behavior that violates our Community Guidelines.

Details: